[Event "ICS rated blitz match"]
[Site "204.178.125.65"]
[Date "2001.09.24"]
[Round "?"]
[White "Hossa"]
[Black "segundo"]
[Result "1-0"]
[WhiteElo "2546"]
[BlackElo "2015"]
[PlyCount "73"]
[EventDate "2001.??.??"]

1. d4 Nf6 2. c4 e6 3. Nf3 d5 4. Bg5 c6 5. e3 Nbd7 6. Nbd2 Bd6 7. Bd3 dxc4 8.
Bxc4 b5 9. Bd3 Qb6 10. O-O c5 11. dxc5 Nxc5 12. Bxf6 gxf6 13. Ne4 Be7 14. Rc1
Bb7 15. Nxc5 Bxc5 16. Nh4 a6 17. Qc2 Bd6 18. Be4 Ke7 19. Bxb7 Qxb7 20. Rfd1
Rac8 21. Qd3 Rcd8 22. Qe2 Qe4 23. g3 Rc8 24. f3 Qe5 25. Rxc8 Rxc8 26. Qd3 Rd8
27. Qxh7 Qxe3+ 28. Kh1 Qe2 29. Ng6+ Kd7 30. Qxf7+ Kc6 31. Rc1+ Kb6 32. Qxf6 Bc7
33. Nf8 Rd6 34. Qc3 Bb8 35. Re1 Rd1 36. Qd4+ Kb7 37. Qxd1 {segundo resigns} 1-0

[Event "ICS rated blitz match"]
[Site "204.178.125.65"]
[Date "2001.09.24"]
[Round "?"]
[White "segundo"]
[Black "Hossa"]
[Result "0-1"]
[WhiteElo "2014"]
[BlackElo "2547"]
[PlyCount "54"]
[EventDate "2001.??.??"]

1. d4 Nf6 2. Nf3 e6 3. Bg5 Be7 4. Bxf6 Bxf6 5. e4 d6 6. Bd3 O-O 7. e5 dxe5 8.
dxe5 Be7 9. h4 f6 10. exf6 Bxf6 11. Ng5 h6 12. Nc3 Bxc3+ 13. bxc3 Qd5 14. Qg4
hxg5 15. hxg5 Qe5+ 16. Kd2 Rxf2+ 17. Kd1 Qf4 18. Qxf4 Rxf4 19. g3 Rg4 20. Kd2
Rxg5 21. Raf1 g6 22. Rf6 Kg7 23. Rhf1 Rf5 24. Rxg6+ Kxg6 25. g4 Nc6 26. gxf5+
exf5 27. Rg1+ Kf6 {segundo resigns} 0-1

[Event "ICS rated blitz match"]
[Site "204.178.125.65"]
[Date "2001.09.24"]
[Round "?"]
[White "burlov"]
[Black "Hossa"]
[Result "0-1"]
[WhiteElo "2047"]
[BlackElo "2548"]
[PlyCount "38"]
[EventDate "2001.??.??"]

1. e4 e6 2. d4 d5 3. Nc3 Be7 4. Nf3 dxe4 5. Nxe4 Nf6 6. Nxf6+ Bxf6 7. Bd3 c5 8.
dxc5 Nd7 9. O-O Nxc5 10. Bb5+ Bd7 11. Bxd7+ Qxd7 12. Qxd7+ Kxd7 13. c3 Ke7 14.
Be3 Nd3 15. Rab1 Rhd8 16. Bd4 e5 17. Nxe5 Nxe5 18. Rfe1 Kd6 19. Rbd1 Kc6 {
burlov resigns} 0-1

[Event "ICS rated standard match"]
[Site "204.178.125.65"]
[Date "2001.09.24"]
[Round "?"]
[White "BrazilianMaster"]
[Black "Hossa"]
[Result "1-0"]
[WhiteElo "2598"]
[BlackElo "2361"]
[PlyCount "86"]
[EventDate "2001.??.??"]

1. e4 e5 2. Nf3 Nc6 3. Bb5 a6 4. Ba4 Nf6 5. O-O Nxe4 6. d4 b5 7. Bb3 d5 8. dxe5
Be6 9. Qe2 Be7 10. Rd1 O-O 11. c4 bxc4 12. Bxc4 Bc5 13. Be3 Bxe3 14. Qxe3 Nb4
15. Bb3 Nc6 16. Nc3 Nxc3 17. Qxc3 Ne7 18. Nd4 Bd7 19. Re1 c6 20. e6 fxe6 21.
Nxe6 Bxe6 22. Rxe6 Qc7 23. Qe3 Rae8 24. Bc2 Rf7 25. Re1 Qa5 26. a3 g6 27. b4
Qd8 28. Qa7 Kg7 29. Qc5 Qc7 30. Ba4 Kf8 31. Rxc6 Qf4 32. Rc7 Qd2 33. Re6 Qb2
34. h3 d4 35. f3 Qa2 36. Qe5 Kg8 37. Bxe8 Rf5 38. Rxg6+ hxg6 39. Qxe7 Qf7 40.
Bxf7+ Kg7 41. Bg8+ Rf7 42. Qxf7+ Kh6 43. Qf6 d3 {Hossa resigns} 1-0

[Event "ICS rated standard match"]
[Site "204.178.125.65"]
[Date "2001.09.24"]
[Round "?"]
[White "Hossa"]
[Black "BrazilianMaster"]
[Result "0-1"]
[WhiteElo "2354"]
[BlackElo "2605"]
[PlyCount "91"]
[EventDate "2001.??.??"]

1. e4 e5 2. Nf3 Nc6 3. Bb5 a6 4. Ba4 Nf6 5. O-O Be7 6. Qe2 b5 7. Bb3 O-O 8. c3
d5 9. d3 d4 10. Nbd2 Bc5 11. Bc2 Bb6 12. Nb3 Bg4 13. h3 Bxf3 14. Qxf3 a5 15. a3
a4 16. Nd2 dxc3 17. bxc3 Qd6 18. Bb2 Nd7 19. Qh5 Nc5 20. Rad1 Ne6 21. g3 g6 22.
Qh6 f5 23. exf5 Rxf5 24. Qh4 Raf8 25. Ne4 Qd5 26. Rb1 Qa2 27. Qh6 Nf4 28. g4
Ne2+ 29. Kh1 R5f7 30. f3 Rxf3 31. Rxf3 Rxf3 32. c4 bxc4 33. d4 c3 34. Ng5 Rf7
35. Bxg6 Qd5+ 36. Be4 Ng3+ 37. Kh2 Nxe4 38. Nxf7 Qxd4 39. Qh4 Qd2+ 40. Kh1 Nf2+
41. Qxf2 Qxf2 42. Nh6+ Kf8 43. Bxc3 Qf3+ 44. Kh2 Qe2+ 45. Kh1 Qe4+ 46. Kh2 {
Hossa resigns} 0-1

[Event "ICS rated standard match"]
[Site "204.178.125.65"]
[Date "2001.09.25"]
[Round "?"]
[White "BrazilianMaster"]
[Black "Hossa"]
[Result "1-0"]
[WhiteElo "2611"]
[BlackElo "2348"]
[PlyCount "103"]
[EventDate "2001.??.??"]

1. d4 Nf6 2. c4 g6 3. Nc3 Bg7 4. e4 d6 5. Nf3 O-O 6. Be2 e5 7. O-O Nc6 8. d5
Ne7 9. b4 a5 10. Ba3 b6 11. bxa5 Rxa5 12. Bb4 Ra8 13. a4 Re8 14. a5 Ba6 15.
axb6 cxb6 16. Ra2 Qd7 17. Qa4 Qc7 18. Qb3 Ra7 19. Rxa6 Rxa6 20. Nb5 Qd8 21.
Nxd6 Rf8 22. Nxe5 Nxe4 23. Ndxf7 Qe8 24. c5 Rxf7 25. Nxf7 Qxf7 26. Bxa6 bxc5
27. Bc4 Nd6 28. Bxc5 Nef5 29. Qb8+ Bf8 30. Re1 Kg7 31. Qb2+ Kg8 32. Ba2 Qc7 33.
Qb4 Ng7 34. Bb3 Ngf5 35. Re8 Ne7 36. h3 Nec8 37. Rxc8 Qxc8 38. Bxd6 Qc1+ 39.
Kh2 Bxd6+ 40. Qxd6 Qb2 41. Qb8+ Kg7 42. d6 Qe5+ 43. g3 Qf6 44. Qa7+ Kh6 45. h4
Qf5 46. Bg8 Kh5 47. f3 h6 48. Qc5 g5 49. g4+ Qxg4 50. Bf7+ Kxh4 51. Qf2+ Qg3+
52. Qxg3# {Hossa checkmated} 1-0

[Event "ICS Rated blitz match"]
[Site "204.178.125.65"]
[Date "2001.09.25"]
[Round "?"]
[White "Hossa"]
[Black "NewHal9000"]
[Result "0-1"]
[WhiteElo "2550"]
[BlackElo "2843"]
[PlyCount "81"]
[EventDate "2001.??.??"]

1. e4 c5 2. Nc3 Nc6 3. f4 e6 4. Nf3 d5 5. Bb5 Nge7 6. O-O dxe4 7. Nxe4 a6 8.
Bc4 Nf5 9. b3 Be7 10. Bb2 b5 11. Be2 Bb7 12. Nfg5 O-O 13. Bh5 h6 14. Bxf7+ Rxf7
15. Nxf7 Kxf7 16. Re1 Qc7 17. Qg4 Ncd4 18. Ng3 Bf6 19. c3 Qc6 20. Nh5 Nc2 21.
Nxf6 gxf6 22. Qh5+ Kg7 23. Re2 Nxa1 24. Bxa1 Qd6 25. g4 Rg8 26. gxf5 Kh7+ 27.
Kf1 Qd3 28. Qf7+ Rg7 29. Qxg7+ Kxg7 30. Ke1 Qxf5 31. d3 Bf3 32. Rb2 Qxf4 33. b4
Bg4 34. bxc5 Qe3+ 35. Kf1 Bh3+ 36. Rg2+ Qg5 37. Ke1 Qxg2 38. Kd1 Bg4+ 39. Kc1
Qf1+ 40. Kb2 Bd1 41. d4 {Hossa resigns} 0-1

[Event "ICS rated standard match"]
[Site "204.178.125.65"]
[Date "2001.09.25"]
[Round "?"]
[White "Hossa"]
[Black "BrazilianMaster"]
[Result "0-1"]
[WhiteElo "2342"]
[BlackElo "2617"]
[PlyCount "60"]
[EventDate "2001.??.??"]

1. e4 c5 2. Nf3 Nc6 3. d4 cxd4 4. Nxd4 Nf6 5. Nc3 e5 6. Ndb5 d6 7. Bg5 a6 8.
Na3 b5 9. Bxf6 gxf6 10. Nd5 f5 11. Bd3 Be6 12. Qh5 Rg8 13. O-O f4 14. Qxh7 Rg6
15. Nxb5 axb5 16. Bxb5 Rc8 17. Nb4 Qg5 18. g3 Rh6 19. h4 Qh5 20. Qxh6 Bxh6 21.
Bxc6+ Rxc6 22. Nxc6 fxg3 23. Nxe5 Qxh4 24. Nf3 Qh3 25. fxg3 Be3+ 26. Rf2 Qxg3+
27. Kh1 Bxf2 28. Rg1 Qxf3+ 29. Rg2 Qd1+ 30. Kh2 Qh5# {Hossa checkmated} 0-1

[Event "ICS rated blitz match"]
[Site "204.178.125.65"]
[Date "2001.09.25"]
[Round "?"]
[White "Hossa"]
[Black "ACE-POINT"]
[Result "1-0"]
[WhiteElo "2545"]
[BlackElo "2386"]
[PlyCount "55"]
[EventDate "2001.??.??"]

1. d4 d5 2. e3 Nf6 3. Bd3 Bg4 4. Ne2 Bh5 5. c4 Bg6 6. Bxg6 hxg6 7. Qb3 dxc4 8.
Qxb7 Nbd7 9. Na3 e5 10. Nxc4 Rb8 11. Qxa7 Bb4+ 12. Nc3 Ne4 13. Bd2 Nxd2 14.
Nxd2 Qe7 15. O-O Bxc3 16. bxc3 Qd6 17. Nc4 Qf6 18. Qxc7 Qh4 19. h3 e4 20. Nd6+
Ke7 21. Nxf7 Rhc8 22. Qd6+ Kxf7 23. Qxd7+ Kg8 24. Rab1 Ra8 25. Rb7 Qf6 26. f3
Rd8 27. Qb5 Rxa2 28. Qc4+ {ACE-POINT resigns} 1-0

[Event "ICS rated blitz match"]
[Site "204.178.125.65"]
[Date "2001.09.25"]
[Round "?"]
[White "ACE-POINT"]
[Black "Hossa"]
[Result "0-1"]
[WhiteElo "2377"]
[BlackElo "2554"]
[PlyCount "80"]
[EventDate "2001.??.??"]

1. d4 Nf6 2. c4 e6 3. Nf3 c5 4. d5 exd5 5. cxd5 g6 6. Nc3 Bg7 7. d6 O-O 8. Bg5
h6 9. Bh4 Qa5 10. Qd2 b5 11. Bxf6 Bxf6 12. Nd5 Qxd2+ 13. Nxd2 Bd8 14. e4 a6 15.
a4 bxa4 16. Rxa4 Nc6 17. Nc4 Rb8 18. Be2 Nd4 19. Bd1 Bb7 20. Ne7+ Bxe7 21. dxe7
Rfe8 22. Nd6 Rxe7 23. f3 Re6 24. Nxb7 Rxb7 25. Ra2 d5 26. O-O dxe4 27. fxe4
Rxe4 28. Rxa6 Rxb2 29. Ra7 f5 30. Rc7 c4 31. Rxc4 Ne2+ 32. Bxe2 Rexe2 33. Rh4
Rxg2+ 34. Kh1 Kg7 35. Rh3 Rge2 36. Rg1 g5 37. Rf1 Kg6 38. Rg1 g4 39. Rh4 Kg5
40. Rh3 f4 {ACE-POINT resigns} 0-1

[Event "ICS rated standard match"]
[Site "204.178.125.65"]
[Date "2001.09.25"]
[Round "?"]
[White "BrazilianMaster"]
[Black "Hossa"]
[Result "1-0"]
[WhiteElo "2621"]
[BlackElo "2337"]
[PlyCount "106"]
[EventDate "2001.??.??"]

1. d4 Nf6 2. c4 e6 3. Nc3 Bb4 4. Qc2 O-O 5. a3 Bxc3+ 6. Qxc3 Ne4 7. Qc2 f5 8.
e3 Nc6 9. Bd3 d6 10. Nf3 Ng5 11. Nxg5 Qxg5 12. O-O Qh4 13. b3 Rf6 14. f3 Bd7
15. g3 Qh3 16. Bb2 Ne7 17. Qg2 Qh5 18. Bc3 Rff8 19. f4 Bc6 20. e4 fxe4 21. Bxe4
a5 22. Rfe1 Rfe8 23. Re3 a4 24. Bxc6 Nxc6 25. b4 Nd8 26. d5 c6 27. Rae1 Qf5 28.
dxc6 bxc6 29. Rd1 Qf8 30. b5 Rc8 31. Qc2 cxb5 32. cxb5 Nf7 33. Qxa4 Re7 34. Qb3
Qd8 35. a4 d5 36. Bb4 Re8 37. a5 Qd7 38. b6 Rcd8 39. Rc3 e5 40. Rc7 Qb5 41.
fxe5 Rxe5 42. Rf1 Nd6 43. Qb1 Qe8 44. Bxd6 Rxd6 45. b7 Rd8 46. Rcf7 Rh5 47.
Rf8+ Qxf8 48. Rxf8+ Rxf8 49. b8=Q Rhf5 50. Q8b7 g6 51. Qa1 d4 52. Qd7 h6 53.
Qdxd4 Re5 {Hossa resigns} 1-0

[Event "ICS rated standard match"]
[Site "204.178.125.65"]
[Date "2001.09.25"]
[Round "?"]
[White "Hossa"]
[Black "BrazilianMaster"]
[Result "0-1"]
[WhiteElo "2332"]
[BlackElo "2626"]
[PlyCount "115"]
[EventDate "2001.??.??"]

1. e4 c5 2. Nf3 Nc6 3. d4 cxd4 4. Nxd4 Nf6 5. Nc3 d6 6. h3 g6 7. Be3 Bg7 8. Bc4
O-O 9. Bb3 Qa5 10. O-O Qh5 11. Qxh5 Nxh5 12. Ndb5 Nf6 13. Nc7 Rb8 14. Ba4 a6
15. Rab1 b5 16. Bb3 Bb7 17. Rfd1 Rfc8 18. N7d5 Nd7 19. a4 b4 20. Ne2 e6 21. Nb6
Nxb6 22. Bxb6 Ne5 23. Ng3 Nc4 24. Bd4 Bh6 25. Bf6 Nd2 26. Ra1 Ra8 27. Be7 Nxe4
28. Bxd6 Nxd6 29. Rxd6 Bg7 30. Rb1 a5 31. Nf1 Kf8 32. Ne3 Rd8 33. Rxd8+ Rxd8
34. h4 Rd4 35. Nc4 Rd5 36. Nb6 Rd8 37. g3 Ke7 38. Kf1 Rd4 39. Ke2 Ba6+ 40. Kf3
Kd6 41. c3 Rd3+ 42. Kg4 Kc5 43. Na8 bxc3 44. Nc7 Bc8 45. Kh3 cxb2 46. Bd1 Bb7
47. Ne8 Be5 48. h5 Rd2 49. hxg6 hxg6 50. f3 Bd5 51. f4 Be4 52. Rxb2 Bxb2 53.
Bb3 Kb4 54. Ba2 Bc3 55. Bxe6 fxe6 56. Kh4 Rd5 57. Nc7 Bf3 58. g4 {Hossa resigns
} 0-1

[Event "ICS rated standard match"]
[Site "204.178.125.65"]
[Date "2001.09.25"]
[Round "?"]
[White "BrazilianMaster"]
[Black "Hossa"]
[Result "1-0"]
[WhiteElo "2631"]
[BlackElo "2327"]
[PlyCount "93"]
[EventDate "2001.??.??"]

1. d4 Nf6 2. c4 g6 3. Nc3 Bg7 4. e4 d6 5. Nf3 O-O 6. Be2 e5 7. O-O Na6 8. Be3
Ng4 9. Bg5 Qe8 10. h3 exd4 11. Nd5 f6 12. Bf4 Ne5 13. Nxd4 c6 14. Nc3 f5 15.
exf5 Bxf5 16. Nxf5 Rxf5 17. Be3 Qe6 18. Ne4 d5 19. Ng5 Qd6 20. cxd5 cxd5 21.
Qb3 Nc5 22. Bxc5 Qxc5 23. Qxb7 Qc6 24. Qxc6 Nxc6 25. Ne6 Bxb2 26. Rab1 Rb8 27.
Bf3 Ne7 28. Bg4 Rf6 29. Rfe1 Be5 30. Rxb8+ Bxb8 31. Nc5 Bd6 32. Nd7 Rf4 33. Re6
Bb4 34. g3 Rc4 35. Rf6 Kg7 36. Be6 Rc1+ 37. Kg2 Rc8 38. Rf7+ Kh6 39. h4 Rh8 40.
g4 g5 41. hxg5+ Kxg5 42. f4+ Kh6 43. g5+ Kh5 44. Kh3 Nf5 45. Rf6 Rg8 46. Bxg8
Be7 47. Bf7# {Hossa checkmated} 1-0

[Event "ICS rated blitz match"]
[Site "204.178.125.65"]
[Date "2001.09.25"]
[Round "?"]
[White "Hossa"]
[Black "star2"]
[Result "0-1"]
[WhiteElo "2562"]
[BlackElo "2827"]
[PlyCount "143"]
[EventDate "2001.??.??"]

1. e4 e5 2. Nf3 d6 3. d4 Nf6 4. dxe5 Nxe4 5. Qd5 Nc5 6. exd6 Bxd6 7. Bg5 f6 8.
Be3 Be6 9. Qd2 Nc6 10. Bb5 O-O 11. Nc3 Nb4 12. a3 Nc6 13. Bxc6 bxc6 14. Nd4 Bd7
15. O-O Re8 16. Qe2 Ne6 17. Qc4 c5 18. Nf5 Rb8 19. b3 Rb6 20. Rfd1 Kh8 21. Nd5
Rc6 22. Qh4 Ng5 23. Ng3 Be6 24. Qa4 Qa8 25. Bxg5 fxg5 26. Qa5 c4 27. b4 Qb7 28.
Ne3 Bf4 29. Ngf5 Bf7 30. Nd4 Rd6 31. Ndf5 Ra6 32. Qc5 Be5 33. Nd4 Qb6 34. Qxb6
axb6 35. Ra2 Rea8 36. Nc6 Bd6 37. Nf5 c3 38. Raa1 Bf8 39. Ne5 Be8 40. Rd4 c5
41. bxc5 Bxc5 42. Rd3 Rxa3 43. Rxa3 Rxa3 44. Ne3 Ra1+ 45. Nf1 Re1 46. Nf3 Re2
47. Ne3 g4 48. Rd8 Kg8 49. Rxe8+ Kf7 50. Rb8 gxf3 51. gxf3 Bxe3 52. fxe3 Rxc2
53. Rxb6 Rb2 54. Rc6 c2 55. e4 Rb1+ 56. Kf2 c1=Q 57. Rxc1 Rxc1 58. Kg3 Kf6 59.
h3 Ke5 60. h4 h5 61. Kf2 Rh1 62. Kg3 g6 63. Kg2 Rxh4 64. Kf1 g5 65. Kf2 g4 66.
f4+ Kxe4 67. Ke1 Rh2 68. f5 g3 69. f6 Rf2 70. f7 Kd3 71. f8=R Rxf8 72. Kd1 {
Hossa resigns} 0-1

[Event "ICS rated blitz match"]
[Site "204.178.125.65"]
[Date "2001.09.25"]
[Round "?"]
[White "nemzis"]
[Black "Hossa"]
[Result "0-1"]
[WhiteElo "2115"]
[BlackElo "2556"]
[PlyCount "74"]
[EventDate "2001.??.??"]

1. d4 Nf6 2. c4 g6 3. Nc3 d5 4. cxd5 Nxd5 5. e4 Nxc3 6. bxc3 Bg7 7. Nf3 c5 8.
Rb1 O-O 9. Be2 b6 10. O-O Bb7 11. Qd3 cxd4 12. cxd4 e6 13. Rd1 f5 14. e5 Be4
15. Qb3 Bxb1 16. Qxb1 Nc6 17. Ng5 Nxd4 18. Be3 Nxe2+ 19. Kf1 Nc3 20. Rxd8 Rfxd8
21. Qe1 Rd1 22. Nxe6 Rxe1+ 23. Kxe1 Bxe5 24. g3 Nxa2 25. Ng5 b5 26. Nf3 Bc3+
27. Kd1 a5 28. Kc2 a4 29. Nd4 Bxd4 30. Bxd4 Nb4+ 31. Kc3 Nc6 32. Bc5 a3 33. Kb3
a2 34. Kc2 a1=Q 35. Kd3 Qd1+ 36. Ke3 Re8+ 37. Kf4 Qg4# {nemzis checkmated} 0-1

[Event "ICS rated blitz match"]
[Site "204.178.125.65"]
[Date "2001.09.25"]
[Round "?"]
[White "Hossa"]
[Black "nemzis"]
[Result "1-0"]
[WhiteElo "2558"]
[BlackElo "2113"]
[PlyCount "43"]
[EventDate "2001.??.??"]

1. e4 e5 2. Nf3 Nc6 3. d4 exd4 4. Nxd4 Bc5 5. Nxc6 Qf6 6. Qf3 Qxf3 7. gxf3 dxc6
8. Bf4 Bd6 9. e5 Bc5 10. Nc3 Be6 11. Rg1 Ne7 12. Ne4 Bb6 13. Rxg7 Ng6 14. Nf6+
Kd8 15. Bg3 h6 16. O-O-O+ Kc8 17. Rxf7 Bc5 18. Rg7 Ne7 19. Bd3 b5 20. Ne4 Bb6
21. Rxe7 Bd5 22. Bxb5 {nemzis resigns} 1-0

[Event "ICS rated blitz match"]
[Site "204.178.125.65"]
[Date "2001.09.25"]
[Round "?"]
[White "nemzis"]
[Black "Hossa"]
[Result "0-1"]
[WhiteElo "2111"]
[BlackElo "2560"]
[PlyCount "61"]
[EventDate "2001.??.??"]

1. d4 Nf6 2. c4 g6 3. Nc3 d5 4. cxd5 Nxd5 5. e4 Nxc3 6. bxc3 Bg7 7. Nf3 c5 8.
Rb1 O-O 9. Be2 cxd4 10. cxd4 Qa5+ 11. Bd2 Qxa2 12. O-O Nd7 13. Qc1 Nb6 14. Re1
Bg4 15. Rb2 Qe6 16. Ng5 Qd7 17. Bxg4 Qxg4 18. Nf3 Rfc8 19. Qb1 Qd7 20. Be3 Rc7
21. Rd1 Na4 22. Rc2 Nc3 23. Qc1 Ne2+ 24. Rxe2 Rxc1 25. Bxc1 a5 26. Be3 b5 27.
Rb2 b4 28. Ra1 Qb7 29. Rba2 b3 30. Rb2 a4 31. Ra3 {nemzis resigns} 0-1

[Event "ICS rated blitz match"]
[Site "204.178.125.65"]
[Date "2001.09.25"]
[Round "?"]
[White "parnenzinij"]
[Black "Hossa"]
[Result "0-1"]
[WhiteElo "2291"]
[BlackElo "2549"]
[PlyCount "78"]
[EventDate "2001.??.??"]

1. e4 c5 2. Nc3 Nc6 3. g3 g6 4. Bg2 Bg7 5. d3 e6 6. Be3 d6 7. Qd2 Nf6 8. h3 O-O
9. Bh6 d5 10. exd5 Bxh6 11. Qxh6 Nd4 12. Qd2 exd5 13. Nge2 Nxe2 14. Nxe2 Re8
15. O-O-O Qe7 16. Rhe1 Qf8 17. d4 Ne4 18. Bxe4 dxe4 19. g4 f5 20. Qc3 fxg4 21.
Ng3 Qxf2 22. dxc5 e3 23. Ne2 gxh3 24. Nd4 Bg4 25. Rd3 h2 26. Nb5 e2 27. b4 Qf1
28. Qc4+ Re6 29. Qxg4 Qxe1+ 30. Kb2 Qa1+ 31. Kxa1 h1=Q+ 32. Kb2 Re4 33. Qg5
Rxb4+ 34. Ka3 e1=Q 35. Rd8+ Rxd8 36. Qxd8+ Kg7 37. Qd7+ Kh6 38. Qd3 a5 39. Nc3
Qc1# {parnenzinij checkmated} 0-1

[Event "ICS rated standard match"]
[Site "204.178.125.65"]
[Date "2001.09.25"]
[Round "?"]
[White "NewHal9000"]
[Black "Hossa"]
[Result "1-0"]
[WhiteElo "2612"]
[BlackElo "2322"]
[PlyCount "189"]
[EventDate "2001.??.??"]

1. c4 g6 2. Nf3 Nf6 3. g3 Bg7 4. Bg2 c5 5. Nc3 O-O 6. O-O Nc6 7. d4 cxd4 8.
Nxd4 Re8 9. c5 d5 10. cxd6 Nxd4 11. Qxd4 Ng4 12. Qa4 exd6 13. h3 Bxc3 14. bxc3
Nf6 15. Qd1 Ne4 16. Qd4 Qb6 17. Ba3 Qxd4 18. cxd4 d5 19. Rfc1 Bd7 20. Rc7 Bc6
21. Rc1 Ng5 22. e3 Ne6 23. Re7 Red8 24. Kh2 Kg7 25. Rb1 Rac8 26. Bf1 a6 27. Rb6
Nf8 28. Rb2 h5 29. Bg2 Ne6 30. Rb6 Nc7 31. Bf3 Kf6 32. Bc5 Ne6 33. Bb4 a5 34.
Ba3 a4 35. Kg2 Kg7 36. Kf1 Rh8 37. Bd6 Rhd8 38. Bb4 Rb8 39. Bg2 Kf6 40. Ba3 g5
41. Ke1 Rbc8 42. Kd2 g4 43. Kd3 Rg8 44. hxg4 h4 45. Rb2 Ra8 46. Rc2 Rab8 47.
Kc3 Rbc8 48. Kb2 Rcd8 49. Bf1 Rh8 50. gxh4 Rxh4 51. f3 Rhh8 52. f4 Kg7 53. g5
Rh5 54. Bg2 Rh7 55. Rf2 Rh5 56. Bb4 Rc8 57. Bd6 Ra8 58. Bf3 Rh4 59. Ka3 Rd8 60.
Be5+ Kf8 61. Bf6 Re8 62. Rxe8+ Bxe8 63. g6 Rh3 64. f5 Nc7 65. g7+ Kg8 66. Be5
Na8 67. f6 Nb6 68. Kb4 Bc6 69. Rh2 Rxh2 70. Bxh2 Nc4 71. Bf4 Nd2 72. Bd1 Ne4
73. Be5 Nf2 74. Bxa4 Bxa4 75. Kxa4 Nd1 76. Kb4 Nxe3 77. Kc5 Kh7 78. Bf4 Ng4 79.
Bg5 Nf2 80. Kxd5 Kg8 81. Ke5 b6 82. d5 Nd3+ 83. Kd6 b5 84. Ke7 Ne5 85. d6 b4
86. d7 Nxd7 87. Kxd7 Kh7 88. g8=Q+ Kxg8 89. Ke7 Kh8 90. Kxf7 b3 91. axb3 Kh7
92. Bd2 Kh8 93. Kg6 Kg8 94. f7+ Kf8 95. Bb4# {Hossa checkmated} 1-0

[Event "ICS rated blitz match"]
[Site "204.178.125.65"]
[Date "2001.09.25"]
[Round "?"]
[White "Hossa"]
[Black "burek"]
[Result "1-0"]
[WhiteElo "2555"]
[BlackElo "2071"]
[PlyCount "101"]
[EventDate "2001.??.??"]

1. d4 Nf6 2. c4 g6 3. Nc3 d5 4. cxd5 Nxd5 5. e4 Nxc3 6. bxc3 c5 7. Nf3 Bg7 8.
Rb1 Nc6 9. Bb5 O-O 10. O-O cxd4 11. Bxc6 bxc6 12. cxd4 Bg4 13. Rb7 Bxf3 14.
Qxf3 Bxd4 15. Bg5 Re8 16. Rd1 c5 17. e5 Rb8 18. Rxa7 Rb2 19. Bc1 Rc2 20. Be3
Qb8 21. e6 f6 22. Rd7 Qe5 23. Bxd4 cxd4 24. R7xd4 Qxe6 25. a4 Re2 26. Qd3 Re1+
27. Rxe1 Qxe1+ 28. Qf1 Qxf1+ 29. Kxf1 Ra8 30. Ke2 e5 31. Rb4 Kf7 32. Kd3 f5 33.
Kc4 e4 34. h4 Kf6 35. g3 h6 36. Rb6+ Ke5 37. Rb5+ Kf6 38. a5 g5 39. Kd5 Rd8+
40. Kc6 f4 41. hxg5+ hxg5 42. a6 fxg3 43. fxg3 e3 44. a7 e2 45. Rb1 Kf5 46. Re1
Re8 47. Rxe2 Ra8 48. Kb7 Rxa7+ 49. Kxa7 Kg4 50. Re5 Kxg3 51. Rxg5+ {
burek resigns} 1-0

[Event "ICS rated blitz match"]
[Site "204.178.125.65"]
[Date "2001.09.25"]
[Round "?"]
[White "burek"]
[Black "Hossa"]
[Result "0-1"]
[WhiteElo "2069"]
[BlackElo "2557"]
[PlyCount "116"]
[EventDate "2001.??.??"]

1. e4 c5 2. Nf3 Nc6 3. d4 cxd4 4. Nxd4 Nf6 5. Nc3 d6 6. Bc4 Qb6 7. Nxc6 bxc6 8.
O-O g6 9. Bb3 Bg7 10. Re1 O-O 11. Be3 Qc7 12. Qd2 Ng4 13. Bf4 e5 14. Bg3 Bh6
15. Qd3 Be6 16. f3 Bxb3 17. axb3 Nf6 18. Bf2 a5 19. Red1 Rfd8 20. Na4 Rab8 21.
c4 Bg5 22. h4 Bf4 23. g3 Bh6 24. Kg2 d5 25. cxd5 cxd5 26. Qc3 Qxc3 27. Nxc3 d4
28. Na4 Rdc8 29. g4 Bf4 30. Be1 Rc2+ 31. Kg1 Rxb3 32. Ra3 Rcxb2 33. Nxb2 Rxa3
34. Nc4 Rxf3 35. Nxa5 Nxg4 36. Nc4 Ne3 37. Nxe3 Rxe3 38. Bf2 Rxe4 39. Rd3 Be3
40. Rb3 Rg4+ 41. Kf1 Rf4 42. Rb2 Kg7 43. Ke1 Bxf2+ 44. Rxf2 Rxf2 45. Kxf2 Kh6
46. Ke2 Kh5 47. Kf3 Kxh4 48. Ke4 f5+ 49. Kd5 d3 50. Ke6 d2 51. Kxe5 h5 52. Ke6
d1=Q 53. Ke5 Kg5 54. Ke6 Qd4 55. Ke7 Qd5 56. Kf8 Kf6 57. Ke8 f4 58. Kf8 Qf7# {
burek checkmated} 0-1

[Event "ICS Rated standard match"]
[Site "204.178.125.65"]
[Date "2001.09.25"]
[Round "?"]
[White "Hossa"]
[Black "BrazilianMaster"]
[Result "0-1"]
[WhiteElo "2317"]
[BlackElo "2636"]
[PlyCount "140"]
[EventDate "2001.??.??"]

1. c4 c6 2. e4 d5 3. cxd5 cxd5 4. exd5 Nf6 5. Nc3 Nxd5 6. Nf3 Nxc3 7. bxc3 g6
8. Bb5+ Bd7 9. Rb1 Bg7 10. Bxd7+ Qxd7 11. O-O Nc6 12. d4 O-O 13. Bf4 b6 14. Re1
Rac8 15. Qd3 e6 16. Ra1 Ne7 17. Ne5 Qa4 18. Bd2 Nd5 19. Ng4 Rc4 20. Ne3 Nxe3
21. fxe3 e5 22. Red1 Qc6 23. Qf1 f5 24. Qd3 f4 25. Rac1 e4 26. Qe2 f3 27. Qf2
Rf5 28. Kh1 Bf8 29. gxf3 exf3 30. Rg1 Ra4 31. Ra1 Bd6 32. Rg4 Rh5 33. h4 Rb5
34. e4 Rb2 35. h5 Qxc3 36. Bxc3 Rxf2 37. hxg6 Rh2+ 38. Kg1 f2+ 39. Kf1 Rc4 40.
gxh7+ Kxh7 41. Rg2 Rxg2 42. Kxg2 Rxc3 43. Kxf2 Rd3 44. e5 Ba3 45. e6 Rxd4 46.
Re1 Rd2+ 47. Kf3 Be7 48. Rc1 Kg6 49. Rc7 Kf6 50. Rxa7 Kxe6 51. Ke4 Bb4 52. Ra4
Rb2 53. Kf3 Kd5 54. Kf4 Kc4 55. Ra7 Ba5 56. a3 Kb3 57. Kf5 Kxa3 58. Ke4 Ka4 59.
Rb7 b5 60. Rb8 b4 61. Kd3 b3 62. Kc4 Re2 63. Rb7 b2 64. Kd3 Bb4 65. Kc4 b1=Q
66. Ra7+ Ba5 67. Rxa5+ Kxa5 68. Kd4 Kb5 69. Kc3 Qc1+ 70. Kd3 Qd2# {
Hossa checkmated} 0-1

[Event "ICS rated blitz match"]
[Site "204.178.125.65"]
[Date "2001.09.25"]
[Round "?"]
[White "Hossa"]
[Black "TacticalFish"]
[Result "1-0"]
[WhiteElo "2559"]
[BlackElo "2010"]
[PlyCount "59"]
[EventDate "2001.??.??"]

1. e4 e5 2. Nf3 Nf6 3. Nxe5 d6 4. Nf3 Nxe4 5. Bd3 d5 6. Qe2 f5 7. O-O Bd6 8.
Nc3 c6 9. Bxe4 fxe4 10. d3 O-O 11. dxe4 Re8 12. Qd3 dxe4 13. Nxe4 Bf5 14. Qb3+
Kh8 15. Nfg5 Bxh2+ 16. Kxh2 Qc7+ 17. Kg1 Bxe4 18. Nf7+ Kg8 19. Nd6+ Bd5 20.
Nxe8 Qe7 21. Qe3 Be6 22. Nc7 Qxc7 23. Qxe6+ Kf8 24. Rd1 Na6 25. Rd7 Qxd7 26.
Qxd7 Rb8 27. Bf4 Re8 28. Bd6+ Re7 29. Qxe7+ Kg8 30. Qe8# {
TacticalFish checkmated} 1-0

[Event "ICS rated standard match"]
[Site "204.178.125.65"]
[Date "2001.09.25"]
[Round "?"]
[White "BrazilianMaster"]
[Black "Hossa"]
[Result "1-0"]
[WhiteElo "2622"]
[BlackElo "2313"]
[PlyCount "87"]
[EventDate "2001.??.??"]

1. d4 Nf6 2. c4 g6 3. Nc3 d5 4. cxd5 Nxd5 5. e4 Nxc3 6. bxc3 Bg7 7. Nf3 c5 8.
Rb1 O-O 9. Be2 cxd4 10. cxd4 Qa5+ 11. Bd2 Qxa2 12. O-O Nd7 13. Re1 Qe6 14. Bb4
Re8 15. Qc2 Nb6 16. Bc5 Rd8 17. Rb4 Qf6 18. Ra1 Bg4 19. h3 Bxf3 20. e5 Qc6 21.
Bxf3 Qc7 22. Qb1 Rdc8 23. Rb2 Qd7 24. Ra5 e6 25. Qa2 Qd8 26. Rxa7 Qg5 27. Rb1
Rxa7 28. Qxa7 Nc4 29. Bxb7 Rd8 30. Ba6 Nd2 31. Be7 Qh6 32. Bxd8 Nxb1 33. Qb8
Bxe5 34. Qxe5 Nc3 35. Be7 Qc1+ 36. Kh2 Qb1 37. Qd6 h6 38. Bf6 g5 39. Qd8+ Kh7
40. g4 Kg6 41. Bd3+ Ne4 42. Bxb1 h5 43. Bxe4+ Kh6 44. Qf8# {Hossa checkmated}
1-0

[Event "ICS rated standard match"]
[Site "204.178.125.65"]
[Date "2001.09.25"]
[Round "?"]
[White "Hossa"]
[Black "ChesterX"]
[Result "0-1"]
[WhiteElo "2308"]
[BlackElo "2476"]
[PlyCount "85"]
[EventDate "2001.??.??"]

1. d4 d5 2. e3 Nf6 3. Bd3 e6 4. Bd2 Bd6 5. Nc3 Nc6 6. Nge2 e5 7. dxe5 Nxe5 8.
Nb5 O-O 9. Nxd6 Qxd6 10. O-O c5 11. Nf4 Bg4 12. f3 Nxd3 13. cxd3 Bd7 14. Qe1
Rfe8 15. Qh4 Bb5 16. Rfc1 Rac8 17. b3 d4 18. e4 Qa6 19. b4 Bxd3 20. bxc5 Bc4
21. Bb4 Rcd8 22. a4 d3 23. Bc3 Nd7 24. Rd1 f6 25. Qf2 Ne5 26. Ra3 Rd7 27. Bb2
Red8 28. a5 Qb5 29. Bc3 Bb3 30. Rd2 Nc4 31. Ra1 Nxd2 32. Bxd2 Bc4 33. Rc1 Rc8
34. Be3 Qxa5 35. Qb2 Rxc5 36. Bxc5 d2 37. Bd4 dxc1=Q+ 38. Qxc1 Rxd4 39. Kf2 g5
40. Nd5 Rd2+ 41. Kg3 Bxd5 42. exd5 Qxd5 43. Qf1 {Hossa resigns} 0-1